[Event "Rated Blitz tournament usGqOSip"]
[Site "?"]
[Date "2021.07.04"]
[Round "?"]
[White "Frutek"]
[Black "Schachelite"]
[Result "1-0"]
[WhiteElo "2523"]
[BlackElo "2439"]
[PlyCount "79"]
[EventDate "2021.??.??"]
[EventType "blitz"]

1. e4 e5 2. Nf3 d5 3. exd5 e4 4. Qe2 Nf6 5. d3 Qxd5 6. Nbd2 Nc6 7. dxe4 Qe6 8.
Qc4 Qe7 9. Qa4 Bd7 10. Bb5 a6 11. O-O O-O-O 12. Bxa6 bxa6 13. Qxa6+ Kb8 14.
Qb5+ Ka8 15. e5 Ng4 16. Nb3 Ncxe5 17. Qa6+ Kb8 18. Na5 Qb4 19. Nxe5 Nxe5 20.
Be3 c5 21. Bf4 f6 22. Rfd1 Be7 23. Rxd7 Rxd7 24. Nc6+ Kc7 25. Nxb4 cxb4 26.
Bxe5+ fxe5 27. Qc4+ Kb7 28. Qb5+ Kc7 29. Qxe5+ Bd6 30. Qe4 Rf8 31. a3 Rf4 32.
Qe3 bxa3 33. bxa3 Ra4 34. g3 Rd8 35. Rb1 Rxa3 36. Qb6+ Kd7 37. Qb7+ Ke6 38.
Re1+ Kf5 39. Qd5+ Kg6 40. Re6+ {Normal} 1-0

[Event "Rated Blitz game"]
[Site "?"]
[Date "2021.07.04"]
[Round "?"]
[White "Shamsutdin"]
[Black "NoName-Master"]
[Result "1/2-1/2"]
[WhiteElo "2438"]
[BlackElo "2418"]
[PlyCount "65"]
[EventDate "2021.??.??"]
[EventType "blitz"]

1. e4 e5 2. Nf3 d5 3. exd5 e4 4. Qe2 Nf6 5. Nc3 Bf5 6. d3 Bb4 7. Bd2 O-O 8.
dxe4 Bxc3 9. Bxc3 Nxe4 10. O-O-O Nxc3 11. bxc3 Na6 12. Qc4 Qd6 13. Bd3 Qa3+ 14.
Kb1 Bxd3 15. cxd3 b5 16. Qb3 Qd6 17. d4 c5 18. Rhe1 c4 19. Qc2 b4 20. Ka1 b3
21. Qb2 bxa2 22. Qxa2 Rab8 23. Rb1 Nc7 24. Rxb8 Rxb8 25. Rb1 Rxb1+ 26. Qxb1
Qa3+ 27. Qa2 Qxc3+ 28. Kb1 Nxd5 29. Qxa7 Qb3+ 30. Kc1 Qc3+ 31. Kb1 Qb4+ 32. Kc1
Qc3+ 33. Kb1 {Normal} 1/2-1/2

[Event "Rated Blitz game"]
[Site "?"]
[Date "2021.07.04"]
[Round "?"]
[White "Illina_N"]
[Black "slowhand1234567"]
[Result "1-0"]
[WhiteElo "2406"]
[BlackElo "2299"]
[PlyCount "29"]
[EventDate "2021.??.??"]
[EventType "blitz"]

1. e4 e5 2. Nf3 d5 3. Nxe5 Bd6 4. d4 dxe4 5. Nc3 Bxe5 6. dxe5 Qxd1+ 7. Kxd1 Bf5
8. Bc4 Nc6 9. Bf4 Nge7 10. Re1 O-O-O+ 11. Kc1 Ng6 12. Bg5 Ngxe5 13. Bxd8 Nxc4
14. Bg5 f6 15. Be3 {Normal} 1-0

[Event "Rated Blitz game"]
[Site "?"]
[Date "2021.07.04"]
[Round "?"]
[White "Mohnnudeln"]
[Black "ahoramahora"]
[Result "1-0"]
[WhiteElo "2508"]
[BlackElo "2387"]
[PlyCount "99"]
[EventDate "2021.??.??"]
[EventType "blitz"]

1. e4 e5 2. Nf3 d5 3. Nxe5 Bd6 4. d4 dxe4 5. Bc4 Bxe5 6. Qh5 Qe7 7. Qxe5 Nc6 8.
Qxg7 Qf6 9. Qxf6 Nxf6 10. Be3 Bf5 11. Nc3 Rg8 12. g3 Bg4 13. O-O Bf3 14. Nd5
Nxd5 15. Bxd5 O-O-O 16. Bxf7 Rg7 17. Be6+ Kb8 18. d5 Ne7 19. c4 Ng6 20. Bd4
Rdg8 21. Bxg7 Rxg7 22. Rfc1 Nf4 23. Kf1 Bg2+ 24. Ke1 Nd3+ 25. Kd2 Nxf2 26. Ke3
Nd3 27. Rc2 Bf3 28. Rf1 Ne5 29. Kd4 Ng6 30. Rxf3 exf3 31. Rf2 c6 32. Rxf3 cxd5
33. Bxd5 Kc7 34. Rf7+ Rxf7 35. Bxf7 Ne7 36. Bd5 b6 37. Be4 h6 38. b4 Kd6 39. h4
Ng8 40. g4 Nf6 41. Bf3 Nd7 42. g5 Ne5 43. Be4 hxg5 44. hxg5 Ke6 45. c5 bxc5+
46. bxc5 Nd7 47. c6 Nf8 48. Kc5 Ke7 49. g6 Kd8 50. Kd6 {Normal} 1-0

[Event "Rated Blitz tournament HqKhWlGw"]
[Site "?"]
[Date "2021.07.04"]
[Round "?"]
[White "Marcovetch"]
[Black "Maltinho"]
[Result "0-1"]
[WhiteElo "2259"]
[BlackElo "2560"]
[PlyCount "82"]
[EventDate "2021.??.??"]
[EventType "blitz"]

1. e4 e5 2. Nf3 d5 3. exd5 Bd6 4. Nc3 Nf6 5. d3 Bg4 6. Be2 O-O 7. O-O Nbd7 8.
h3 Bh5 9. Bg5 h6 10. Bh4 Nb6 11. Bxf6 Qxf6 12. Ne4 Qe7 13. Nxd6 cxd6 14. c4 f5
15. Nh2 Bg6 16. Bh5 Bh7 17. a4 Nd7 18. b4 a5 19. b5 Nc5 20. d4 exd4 21. Qxd4
Nb3 22. Qc3 Nxa1 23. Rxa1 Qe5 24. Qc1 Rac8 25. Nf3 Qe4 26. Qc3 Qxc4 27. Qe3 Qe4
28. Qb6 g6 29. Re1 Qb4 30. Re7 Rc1+ 31. Kh2 Qb1 32. Qxb7 Rh1+ 33. Kg3 f4+ 34.
Kh4 g5+ 35. Nxg5 hxg5+ 36. Kg4 Qf5+ 37. Kf3 Qd3+ 38. Kg4 Qf5+ 39. Kf3 g4+ 40.
hxg4 Qd3+ 41. Re3 fxe3+ {Normal} 0-1

[Event "Rated Blitz game"]
[Site "?"]
[Date "2021.07.04"]
[Round "?"]
[White "ExRom"]
[Black "Taabling"]
[Result "1/2-1/2"]
[WhiteElo "2507"]
[BlackElo "2466"]
[PlyCount "186"]
[EventDate "2021.??.??"]
[EventType "blitz"]

1. e4 e5 2. Nf3 d5 3. exd5 Bd6 4. d3 f5 5. Nc3 Nf6 6. Be2 O-O 7. O-O a6 8. Re1
Nbd7 9. Bf1 b5 10. Ng5 Qe7 11. a3 Bb7 12. d4 e4 13. f3 h6 14. Nh3 Rae8 15. Nf4
Nb6 16. Ne6 Rf7 17. Nc5 Bxd5 18. Nxa6 c6 19. Nc5 Qc7 20. f4 Bxf4 21. Bxf4 Qxf4
22. Nxd5 Nfxd5 23. c4 Nxc4 24. Bxc4 bxc4 25. Qc1 e3 26. Qxc4 Qf2+ 27. Kh1 Qxb2
28. Nd3 Qc3 29. Qxc3 Nxc3 30. Ne5 Rxe5 31. dxe5 f4 32. Rac1 Ne4 33. Rxc6 Re7
34. e6 g5 35. Kg1 Kg7 36. Kf1 Ra7 37. Ke2 Kf6 38. Ra1 g4 39. Kd3 Nf2+ 40. Kd4
Ra4+ 41. Kd5 f3 42. gxf3 gxf3 43. Rc7 Ra5+ 44. Kd4 Ng4 45. Rf7+ Kxe6 46. Rxf3
Ra4+ 47. Kc3 Ke5 48. Kb3 Rd4 49. a4 Ke4 50. Rf8 e2 51. Re8+ Kf3 52. Re1 Rd2 53.
a5 Ne3 54. a6 Rd3+ 55. Ka4 Rd4+ 56. Kb5 Rd5+ 57. Kc6 Ra5 58. Kb7 Rb5+ 59. Kc6
Ra5 60. Kb7 Kf2 61. Rxe2+ Kxe2 62. a7 Kf2 63. a8=Q Rxa8 64. Kxa8 Ng4 65. h3 Ne3
66. Rh8 Kg3 67. Rxh6 Nf5 68. Rh7 Nh4 69. Kb7 Kxh3 70. Kc6 Kg4 71. Kd5 Nf3 72.
Rg7+ Kf4 73. Rf7+ Ke3 74. Re7+ Kf4 75. Rf7+ Ke3 76. Rh7 Kf4 77. Rh6 Ke3 78. Rh5
Kf4 79. Kc4 Kg4 80. Rh8 Kf4 81. Kd5 Ke3 82. Re8+ Kf4 83. Kc4 Ng5 84. Kd4 Nf3+
85. Kd5 Ng5 86. Rf8+ Ke3 87. Ke5 Nf3+ 88. Kd5 Ng5 89. Rf5 Nf3 90. Kc4 Nd2+ 91.
Kb4 Ne4 92. Re5 Kd4 93. Rxe4+ Kxe4 {Normal} 1/2-1/2

[Event "Rated Blitz tournament oj2h0wJo"]
[Site "?"]
[Date "2021.07.04"]
[Round "?"]
[White "Tresna_BKD"]
[Black "om_gendut"]
[Result "1/2-1/2"]
[WhiteElo "2318"]
[BlackElo "2444"]
[PlyCount "75"]
[EventDate "2021.??.??"]
[EventType "blitz"]

1. e4 e5 2. Nf3 d5 3. Nxe5 Bd6 4. d4 dxe4 5. Nc4 Be7 6. Be3 Nf6 7. Ncd2 O-O 8.
c4 Nc6 9. Nc3 Nxd4 10. Nb3 Nf5 11. Qc2 Nxe3 12. fxe3 Bb4 13. Be2 Qe7 14. O-O c6
15. Nd4 Qe5 16. h3 Bd6 17. Rf4 g5 18. Rxf6 Qxf6 19. Nxe4 Qe5 20. Nxd6 Qxd6 21.
Rf1 Qe5 22. Rf3 Bd7 23. Bd3 h6 24. Bf5 c5 25. Nb3 Bxf5 26. Rxf5 Qxe3+ 27. Kh1
b6 28. Rf3 Qe6 29. Nd2 Rae8 30. Nf1 f5 31. Ng3 f4 32. Ne2 Qxe2 33. Qg6+ Kh8 34.
Qxh6+ Kg8 35. Qg6+ Kh8 36. Qh6+ Kg8 37. Qg6+ Kh8 38. Qh6+ {Normal} 1/2-1/2

[Event "Rated Blitz game"]
[Site "?"]
[Date "2021.07.04"]
[Round "?"]
[White "momcilo56adzic"]
[Black "Tristan2020"]
[Result "1-0"]
[WhiteElo "2417"]
[BlackElo "2327"]
[PlyCount "87"]
[EventDate "2021.??.??"]
[EventType "blitz"]

1. e4 e5 2. Nf3 d5 3. Nxe5 Bd6 4. d4 dxe4 5. Nc4 Nf6 6. Nxd6+ Qxd6 7. c4 Bg4 8.
Qd2 Nc6 9. d5 Ne5 10. h3 Bh5 11. Nc3 O-O 12. Qd4 Rfe8 13. Be3 Qb4 14. b3 c5 15.
Qd2 a6 16. Na4 Nd3+ 17. Bxd3 exd3 18. Qxb4 cxb4 19. Kd2 b5 20. Nb2 Be2 21. f3
Rac8 22. Rac1 bxc4 23. bxc4 a5 24. Nxd3 Bxd3 25. Kxd3 a4 26. Rb1 Nxd5 27. Bd2
Nc3 28. Bxc3 bxc3 29. Rbc1 Rb8 30. Rxc3 Rb2 31. Rc2 Rxc2 32. Kxc2 Re2+ 33. Kc3
Rxg2 34. Rd1 Kf8 35. c5 Rf2 36. Rd3 Rxa2 37. c6 Ra1 38. Kb4 Rc1 39. Kb5 Ke7 40.
Kb6 a3 41. Rxa3 Rb1+ 42. Kc7 Rb3 43. Rxb3 f5 44. Re3+ {Normal} 1-0

[Event "Rated Blitz game"]
[Site "?"]
[Date "2021.07.04"]
[Round "?"]
[White "maestro180"]
[Black "om_gendut"]
[Result "0-1"]
[WhiteElo "2263"]
[BlackElo "2410"]
[PlyCount "126"]
[EventDate "2021.??.??"]
[EventType "blitz"]

1. e4 e5 2. Nf3 d5 3. exd5 e4 4. Qe2 Be7 5. Nc3 exf3 6. Qxf3 Nf6 7. h3 O-O 8.
Be2 Nbd7 9. O-O Nb6 10. d4 Nbxd5 11. Nxd5 Qxd5 12. Qxd5 Nxd5 13. c4 Nb4 14. Be3
c6 15. a3 Nc2 16. Rac1 Nxe3 17. fxe3 Rd8 18. Bf3 Be6 19. c5 f5 20. b4 Bg5 21.
Rfe1 Bd5 22. Bxd5+ Rxd5 23. Kf2 Rad8 24. g3 Bf6 25. a4 a6 26. b5 axb5 27. axb5
Ra8 28. Kf3 Ra3 29. Ra1 Rd3 30. Ra8+ Kf7 31. Ra7 cxb5 32. Rxb7+ Kg6 33. g4
R5xd4 34. gxf5+ Kxf5 35. c6 Rc4 36. Rxb5+ Ke6 37. Rb6 Rdc3 38. c7+ Kf7 39. Rb7
Rxc7 40. Rxc7+ Rxc7 41. Ke4 Rc4+ 42. Kd5 Rh4 43. e4 Rxh3 44. Rc1 Rh5+ 45. Kc6
Re5 46. Rc4 h5 47. Kd6 h4 48. Rc7+ Kg6 49. Rc1 Rxe4 50. Rg1+ Kf5 51. Rf1+ Rf4
52. Re1 Rf3 53. Kd5 h3 54. Rh1 Be5 55. Kc4 h2 56. Kd5 Rf2 57. Kc5 Rg2 58. Kc4
Rg1 59. Kd3 Rxh1 60. Ke3 Rg1 61. Kf3 h1=Q+ 62. Kf2 Qh2+ 63. Ke3 Rg3# {Normal}
0-1

[Event "Rated Blitz game"]
[Site "?"]
[Date "2021.07.04"]
[Round "?"]
[White "Zalan1110"]
[Black "Razario90"]
[Result "0-1"]
[WhiteElo "2424"]
[BlackElo "2412"]
[PlyCount "32"]
[EventDate "2021.??.??"]
[EventType "blitz"]

1. e4 e5 2. Nf3 d5 3. exd5 e4 4. Qe2 Nf6 5. Nc3 Be7 6. Nxe4 O-O 7. Nxf6+ Bxf6
8. Qc4 b6 9. Qb3 Re8+ 10. Be2 Qe7 11. Qe3 Qd7 12. Qd3 Ba6 13. c4 c6 14. d6 b5
15. O-O bxc4 16. Qa3 Rxe2 {Normal} 0-1

[Event "Rated Blitz game"]
[Site "?"]
[Date "2021.07.04"]
[Round "?"]
[White "Felix018"]
[Black "BrilliantGambiteer"]
[Result "0-1"]
[WhiteElo "2281"]
[BlackElo "2412"]
[PlyCount "58"]
[EventDate "2021.??.??"]
[EventType "blitz"]

1. e4 e5 2. Nf3 d5 3. Nc3 d4 4. Nb1 Nc6 5. Bb5 Bd6 6. d3 f5 7. Bg5 Nf6 8. Nbd2
O-O 9. O-O h6 10. Bxf6 Qxf6 11. Re1 f4 12. c3 dxc3 13. bxc3 g5 14. Bxc6 bxc6
15. d4 g4 16. d5 gxf3 17. Nxf3 Bg4 18. dxc6 Bxf3 19. Qxf3 Qg6 20. c4 Kh8 21.
Red1 Rg8 22. Rd5 Rae8 23. Rad1 Bb4 24. Kf1 Re7 25. a3 Bxa3 26. Qxa3 Qxg2+ 27.
Ke1 Qxe4+ 28. Kf1 f3 29. Qxe7 Qe2# {Normal} 0-1

[Event "Rated Blitz game"]
[Site "?"]
[Date "2021.07.04"]
[Round "?"]
[White "nozar1k"]
[Black "ahoramahora"]
[Result "0-1"]
[WhiteElo "2445"]
[BlackElo "2387"]
[PlyCount "106"]
[EventDate "2021.??.??"]
[EventType "blitz"]

1. e4 e5 2. Nf3 d5 3. exd5 e4 4. Nd4 Qxd5 5. Nb3 Qe5 6. Nc3 Nf6 7. Be2 Nc6 8.
a3 Bd6 9. d3 exd3 10. Qxd3 Bf5 11. Qd1 a6 12. Be3 O-O-O 13. Qc1 Rhe8 14. g3 Ne4
15. Nxe4 Qxe4 16. Rg1 Qxc2 17. Qxc2 Bxc2 18. Nd2 Ne5 19. Rc1 Nd3+ 20. Bxd3 Bxd3
21. Nc4 Bc5 22. Rc3 Bxc4 23. Rxc4 Bxe3 24. fxe3 Rxe3+ 25. Kf2 Red3 26. Re1 Rd2+
27. Re2 c6 28. Rf4 f6 29. Rh4 h6 30. Rg4 Rxe2+ 31. Kxe2 Rd7 32. h4 g5 33. Re4
Kd8 34. Kf3 Re7 35. Rd4+ Ke8 36. Kg4 gxh4 37. gxh4 Kf7 38. Kh5 Kg7 39. Rg4+ Kh7
40. Rd4 Re5+ 41. Kg4 Kg6 42. Rd8 h5+ 43. Kf4 Rf5+ 44. Kg3 Rb5 45. b4 Kf5 46.
Rh8 Ke4 47. Rh7 f5 48. Rxh5 f4+ 49. Kg4 Rxh5 50. Kxh5 f3 51. Kg6 f2 52. h5 f1=Q
53. h6 Qf5+ {Normal} 0-1

[Event "Rated Blitz game"]
[Site "?"]
[Date "2021.07.04"]
[Round "?"]
[White "Jostacio"]
[Black "ahoramahora"]
[Result "1/2-1/2"]
[WhiteElo "2478"]
[BlackElo "2386"]
[PlyCount "97"]
[EventDate "2021.??.??"]
[EventType "blitz"]

1. e4 e5 2. Nf3 d5 3. exd5 e4 4. Ne5 Qxd5 5. d4 exd3 6. Nxd3 Bf5 7. Nc3 Qd7 8.
Be2 Nc6 9. O-O O-O-O 10. Be3 Kb8 11. Qd2 Nf6 12. Rad1 Ne4 13. Nxe4 Bxe4 14. c3
Bd6 15. Bf4 Bxd3 16. Bxd3 Bxf4 17. Qxf4 f6 18. h3 Qd6 19. Qxd6 Rxd6 20. Be2
Rhd8 21. Rxd6 Rxd6 22. Rd1 Rxd1+ 23. Bxd1 Kc8 24. f4 Kd7 25. Kf2 Kd6 26. Ke3
Ne7 27. g4 g5 28. Bf3 b6 29. fxg5 fxg5 30. Ke4 c5 31. Be2 Ke6 32. Bc4+ Kd6 33.
b4 cxb4 34. cxb4 a5 35. bxa5 bxa5 36. Bb3 Ng6 37. Kf5 Nf4 38. Kxg5 Nxh3+ 39.
Kh6 Ke5 40. g5 Kf4 41. Kxh7 Nxg5+ 42. Kg6 Ne4 43. Kf7 Ke5 44. Ke7 Kd4 45. Kd7
Nc5+ 46. Kc6 Nxb3 47. axb3 Kc3 48. Kb5 Kxb3 49. Kxa5 {Normal} 1/2-1/2

[Event "Rated Blitz tournament zwlfwZmR"]
[Site "?"]
[Date "2021.07.04"]
[Round "?"]
[White "Brave_spirit12"]
[Black "Cresswell"]
[Result "0-1"]
[WhiteElo "2504"]
[BlackElo "2544"]
[PlyCount "42"]
[EventDate "2021.??.??"]
[EventType "blitz"]

1. e4 e5 2. Nf3 d5 3. Nxe5 dxe4 4. d4 Bd6 5. Nc4 Nf6 6. Nxd6+ Qxd6 7. c4 Bg4 8.
Qb3 Nc6 9. Be3 Nxd4 10. Bxd4 Qxd4 11. Nc3 O-O-O 12. Be2 Qd2+ 13. Kf1 Bxe2+ 14.
Nxe2 Rd3 15. Qa4 Rhd8 16. Nc3 e3 17. fxe3 Rxe3 18. Rd1 Re1+ 19. Rxe1 Ng4 20.
Re2 Qc1+ 21. Re1 Qf4+ {Normal} 0-1

[Event "Rated Blitz game"]
[Site "?"]
[Date "2021.07.04"]
[Round "?"]
[White "qocaqartal"]
[Black "ahoramahora"]
[Result "1-0"]
[WhiteElo "2425"]
[BlackElo "2401"]
[PlyCount "85"]
[EventDate "2021.??.??"]
[EventType "blitz"]

1. e4 e5 2. Nf3 d5 3. d4 dxe4 4. Nxe5 Nd7 5. Nc4 Ngf6 6. Nc3 Bb4 7. Bd2 O-O 8.
Ne3 h6 9. a3 Be7 10. Be2 Re8 11. g4 Nf8 12. h4 Be6 13. g5 hxg5 14. hxg5 Nd5 15.
Ncxd5 Bxd5 16. c4 Bc6 17. d5 Bd7 18. Qc2 Bxg5 19. O-O-O f5 20. Rdg1 f4 21. Nf1
Bf5 22. Rh5 Qf6 23. Rgxg5 g6 24. Bc3 Re5 25. Bxe5 Qxe5 26. Qc3 Qxc3+ 27. bxc3
Nh7 28. Rxf5 gxh5 29. Rxf4 Rf8 30. Rxf8+ Kxf8 31. Bxh5 Ke7 32. Kd2 Kd6 33. Ng3
Nf6 34. Be2 Ke5 35. Ke3 c6 36. dxc6 bxc6 37. Nh5 Nd7 38. Nf4 c5 39. Nd5 Nf8 40.
Ne7 Ne6 41. Bg4 Ng5 42. Nc6+ Kd6 43. Nxa7 {Normal} 1-0

[Event "Rated Blitz game"]
[Site "?"]
[Date "2021.07.04"]
[Round "?"]
[White "hungzhao"]
[Black "olarovfan"]
[Result "0-1"]
[WhiteElo "2694"]
[BlackElo "2647"]
[PlyCount "46"]
[EventDate "2021.??.??"]
[EventType "blitz"]

1. e4 e5 2. Nf3 d5 3. d4 dxe4 4. Nxe5 Bd6 5. Nc3 Bxe5 6. dxe5 Qxd1+ 7. Kxd1 Bf5
8. Bf4 Nc6 9. Bb5 O-O-O+ 10. Kc1 Nge7 11. Re1 Nd4 12. Bc4 e3 13. fxe3 Nxc2 14.
Rf1 Nxa1 15. e4 Be6 16. Bxe6+ fxe6 17. Bg5 Rdf8 18. Rxf8+ Rxf8 19. Bxe7 Rf1+
20. Kd2 Rf2+ 21. Ke3 Rxg2 22. b3 Nc2+ 23. Kf3 Rxh2 {Normal} 0-1

[Event "Rated Blitz game"]
[Site "?"]
[Date "2021.07.04"]
[Round "?"]
[White "Poupi77"]
[Black "BrilliantGambiteer"]
[Result "0-1"]
[WhiteElo "2268"]
[BlackElo "2416"]
[PlyCount "61"]
[EventDate "2021.??.??"]
[EventType "blitz"]

1. e4 e5 2. Nf3 d5 3. Nxe5 Bd6 4. d4 dxe4 5. Bc4 Bxe5 6. dxe5 Qxd1+ 7. Kxd1 Nc6
8. Re1 Bg4+ 9. Be2 O-O-O+ 10. Nd2 Bf5 11. f4 e3 12. g4 Be4 13. Bc4 exd2 14.
Bxd2 Bf3+ 15. Kc1 Bxg4 16. Bxf7 Nh6 17. Bc4 Bf5 18. e6 Nd4 19. e7 Rde8 20. Bc3
Nxc2 21. Re2 Nxa1 22. Bxg7 Kd7 23. Bf6 Kc6 24. Bxh8 Bg6 25. Re5 a6 26. Bf6 Nc2
27. f5 Bf7 28. Bd3 Nd4 29. Be4+ Kd7 30. Bd5 Nc6 31. Be4 {Normal} 0-1

[Event "Rated Blitz game"]
[Site "?"]
[Date "2021.07.04"]
[Round "?"]
[White "Handy-Andy"]
[Black "ahoramahora"]
[Result "1-0"]
[WhiteElo "2465"]
[BlackElo "2388"]
[PlyCount "59"]
[EventDate "2021.??.??"]
[EventType "blitz"]

1. e4 e5 2. Nf3 d5 3. exd5 e4 4. Qe2 Nf6 5. Nc3 Be7 6. Nxe4 O-O 7. Nxf6+ Bxf6
8. Qd1 Re8+ 9. Be2 Qe7 10. d3 Bg4 11. Kf1 c6 12. h3 Bh5 13. dxc6 Nxc6 14. c3
Rad8 15. d4 Qe4 16. Be3 Ne7 17. Bd3 Qc6 18. g4 Bg6 19. Bxg6 hxg6 20. Kg2 Nd5
21. Bd2 Re4 22. Re1 Nf4+ 23. Bxf4 Rxf4 24. Qd3 g5 25. Re3 Qd5 26. c4 Qd7 27. d5
Bxb2 28. Nxg5 Rxg4+ 29. hxg4 Qxg4+ 30. Rg3 {Normal} 1-0

[Event "Rated Blitz game"]
[Site "?"]
[Date "2021.07.04"]
[Round "?"]
[White "natir"]
[Black "ahoramahora"]
[Result "0-1"]
[WhiteElo "2476"]
[BlackElo "2394"]
[PlyCount "62"]
[EventDate "2021.??.??"]
[EventType "blitz"]

1. e4 e5 2. Nf3 d5 3. exd5 e4 4. Nd4 Qxd5 5. Nb3 Qe5 6. Nc3 Nf6 7. Be2 Nc6 8.
d4 exd3 9. Qxd3 Bf5 10. Qb5 O-O-O 11. Be3 Kb8 12. Qxe5 Nxe5 13. Nd4 Bg6 14. h3
c5 15. Nf3 Nxf3+ 16. Bxf3 Bxc2 17. Bf4+ Bd6 18. Bxd6+ Rxd6 19. O-O Rhd8 20.
Rac1 Bd3 21. Rfe1 b6 22. a3 h6 23. b4 cxb4 24. axb4 Rc8 25. Re7 Rd7 26. Rxd7
Nxd7 27. Bg4 f5 28. Bf3 Ne5 29. Bd5 Be4 30. Be6 Rc6 31. Bb3 Nd3 {Normal} 0-1

[Event "Rated Blitz tournament usGqOSip"]
[Site "?"]
[Date "2021.07.04"]
[Round "?"]
[White "MyLittlePoney"]
[Black "batasjon"]
[Result "0-1"]
[WhiteElo "2413"]
[BlackElo "2414"]
[PlyCount "50"]
[EventDate "2021.??.??"]
[EventType "blitz"]

1. e4 e5 2. Nf3 d5 3. exd5 e4 4. Qe2 Nf6 5. Nc3 Be7 6. Nxe4 O-O 7. d3 Re8 8.
Bd2 Nxd5 9. O-O-O f5 10. Neg5 Bf6 11. Qxe8+ Qxe8 12. d4 b5 13. c4 bxc4 14. Bxc4
c6 15. Rhe1 Qd8 16. h4 h6 17. Ne6 Bxe6 18. Rxe6 Kh7 19. Bd3 g6 20. h5 Nd7 21.
hxg6+ Kxg6 22. Rxc6 Rc8 23. Rxc8 Qxc8+ 24. Kb1 N7b6 25. Nh4+ Bxh4 {Normal} 0-1

[Event "Rated Blitz game"]
[Site "?"]
[Date "2021.07.04"]
[Round "?"]
[White "The_Human_Paradox"]
[Black "ahoramahora"]
[Result "1-0"]
[WhiteElo "2428"]
[BlackElo "2397"]
[PlyCount "107"]
[EventDate "2021.??.??"]
[EventType "blitz"]

1. e4 e5 2. Nf3 d5 3. exd5 e4 4. Qe2 Nf6 5. d3 Qxd5 6. Nbd2 Nc6 7. dxe4 Qa5 8.
Qb5 Bd7 9. Be2 Bc5 10. c3 Qb6 11. Qxb6 axb6 12. O-O O-O 13. e5 Ng4 14. Nb3
Ngxe5 15. Nxc5 bxc5 16. Be3 b6 17. Rfd1 Bg4 18. Nxe5 Nxe5 19. Bxg4 Nxg4 20. Bf4
Rfc8 21. Rd7 Ra7 22. Rad1 h6 23. a3 Nf6 24. Re7 Kf8 25. Ree1 Re8 26. Rxe8+ Kxe8
27. Kf1 Nd7 28. f3 Nf8 29. Ke2 Ne6 30. Ke3 Ra4 31. Bg3 Ra8 32. Ke4 Rd8 33.
Rxd8+ Kxd8 34. Ke5 Kd7 35. b4 Ke7 36. Bf2 f6+ 37. Kd5 cxb4 38. cxb4 Kd7 39. g3
c6+ 40. Ke4 b5 41. Kf5 Ke7 42. Kg6 Kf8 43. f4 Kg8 44. Be1 Nd4 45. Bc3 Nf3 46.
h4 Ng1 47. h5 Ne2 48. Be1 Nd4 49. g4 Nc2 50. Bc3 Nxa3 51. g5 fxg5 52. fxg5 hxg5
53. Bxg7 Nc4 54. h6 {Normal} 1-0

[Event "Rated Blitz tournament usGqOSip"]
[Site "?"]
[Date "2021.07.04"]
[Round "?"]
[White "derbestewogibt"]
[Black "Schachelite"]
[Result "1/2-1/2"]
[WhiteElo "2575"]
[BlackElo "2426"]
[PlyCount "49"]
[EventDate "2021.??.??"]
[EventType "blitz"]

1. e4 e5 2. Nf3 d5 3. Nc3 d4 4. Ne2 Nc6 5. Ng3 Bd6 6. Bc4 Na5 7. Be2 Nf6 8. O-O
O-O 9. a3 a6 10. d3 c5 11. b3 Nc6 12. a4 Be6 13. Bd2 b5 14. Ng5 Bd7 15. Nh5
Nxh5 16. Bxh5 Be7 17. Qc1 h6 18. Nh3 Bxh3 19. gxh3 Bg5 20. Bxg5 Qxg5+ 21. Qxg5
hxg5 22. Bg4 Nb4 23. Rfc1 g6 24. Bd7 bxa4 25. Rxa4 {Normal} 1/2-1/2

[Event "Rated Blitz tournament gTD2QFzP"]
[Site "?"]
[Date "2021.07.03"]
[Round "?"]
[White "Alya_BudiCM"]
[Black "Gendut_BKD"]
[Result "1/2-1/2"]
[WhiteElo "2403"]
[BlackElo "2435"]
[PlyCount "124"]
[EventDate "2021.??.??"]
[EventType "blitz"]

1. e4 e5 2. Nf3 d5 3. exd5 e4 4. Qe2 Be7 5. Qxe4 Nf6 6. Qa4+ Nbd7 7. c4 O-O 8.
Bd3 c6 9. Nc3 cxd5 10. cxd5 Nb6 11. Qb3 Nbxd5 12. Nxd5 Nxd5 13. O-O Nf4 14. Bc4
Bd6 15. d4 Bg4 16. Ne5 Bxe5 17. dxe5 Ne2+ 18. Kh1 Nxc1 19. Raxc1 Qg5 20. f4 Qh5
21. Qg3 Be2 22. Bxe2 Qxe2 23. Rf2 Qh5 24. f5 Rad8 25. Rcf1 Rd1 26. h3 Rfd8 27.
f6 g6 28. e6 fxe6 29. f7+ Kf8 30. Qa3+ R8d6 31. Qxa7 Qd5 32. Qa3 Qd3 33. Rxd1
Qxa3 34. bxa3 Rxd1+ 35. Kh2 Rd7 36. Re2 Kxf7 37. Rb2 Kf6 38. a4 h5 39. a5 e5
40. Rb6+ Kf5 41. a6 bxa6 42. Rxa6 Rd2 43. a4 e4 44. a5 e3 45. Ra8 Ra2 46. a6
Kf6 47. Re8 Rxa6 48. Rxe3 Ra2 49. Rf3+ Kg7 50. Rg3 Ra5 51. Re3 Kh6 52. Rd3 h4
53. Re3 Kh5 54. Rf3 Ra1 55. Re3 g5 56. Rf3 Kg6 57. Re3 Ra6 58. Rf3 Re6 59. Rd3
Kf5 60. Rf3+ Kg6 61. Rd3 Rf6 62. Rf3 Re6 {Normal} 1/2-1/2

[Event "Rated Blitz game"]
[Site "?"]
[Date "2021.07.03"]
[Round "?"]
[White "Alya_BudiCM"]
[Black "blastol"]
[Result "0-1"]
[WhiteElo "2409"]
[BlackElo "2438"]
[PlyCount "106"]
[EventDate "2021.??.??"]
[EventType "blitz"]

1. e4 e5 2. Nf3 d5 3. exd5 Bd6 4. Nc3 Nf6 5. Bc4 e4 6. Qe2 O-O 7. Ng5 Qe7 8.
Ngxe4 Nxe4 9. Qxe4 Qg5 10. d4 Qh5 11. Be2 Qg6 12. Qxg6 hxg6 13. Nb5 Rd8 14.
Nxd6 Rxd6 15. c4 c6 16. Bf4 Rf6 17. Be5 Rf5 18. g4 Rg5 19. Bf4 Rxg4 20. Bxg4
Bxg4 21. Bxb8 Rxb8 22. dxc6 bxc6 23. Kd2 Rxb2+ 24. Kc3 Rxf2 25. d5 cxd5 26.
cxd5 Bf3 27. Rhf1 Rxf1 28. Rxf1 Bxd5 29. a4 f5 30. Rd1 Bc6 31. a5 Bb5 32. Rb1
Be2 33. Rb8+ Kh7 34. Re8 Bb5 35. Rf8 Kh6 36. Kb4 a6 37. Kc5 Bd3 38. Kd4 Bb5 39.
Ke5 Bd3 40. Kf4 g5+ 41. Ke3 Be4 42. Re8 Bg2 43. Re6+ g6 44. Kf2 Bb7 45. Rb6 Bc8
46. Rc6 Bb7 47. Rc7 Be4 48. Ke3 Bg2 49. Kf2 Bd5 50. Ra7 Bc4 51. Ke3 f4+ 52. Kd4
Bb5 53. Rf7 Kh5 {Time forfeit} 0-1

[Event "Rated Blitz tournament gTD2QFzP"]
[Site "?"]
[Date "2021.07.03"]
[Round "?"]
[White "Pion_Naga"]
[Black "Gendut_BKD"]
[Result "0-1"]
[WhiteElo "2210"]
[BlackElo "2444"]
[PlyCount "28"]
[EventDate "2021.??.??"]
[EventType "blitz"]

1. e4 e5 2. Nf3 d5 3. Nxe5 Bd6 4. d4 dxe4 5. Bc4 Bxe5 6. dxe5 Qxd1+ 7. Kxd1 Nc6
8. Bf4 Bg4+ 9. Be2 O-O-O+ 10. Ke1 Bxe2 11. Kxe2 Nd4+ 12. Kd2 Nb3+ 13. Kc3 Nxa1
14. Nd2 Ne7 {Normal} 0-1

[Event "Rated Blitz tournament gbD0SWr6"]
[Site "?"]
[Date "2021.07.03"]
[Round "?"]
[White "Vivien2009"]
[Black "batasjon"]
[Result "0-1"]
[WhiteElo "2273"]
[BlackElo "2408"]
[PlyCount "62"]
[EventDate "2021.??.??"]
[EventType "blitz"]

1. e4 e5 2. Nf3 d5 3. exd5 e4 4. Ng1 Nf6 5. Nc3 Nxd5 6. Nxd5 Qxd5 7. d3 Be7 8.
dxe4 Qxe4+ 9. Qe2 Qb4+ 10. c3 Qd6 11. Bd2 Be6 12. Qb5+ Nd7 13. O-O-O O-O-O 14.
Kb1 a6 15. Qe2 Qd5 16. c4 Qc6 17. Nf3 Bf6 18. Bg5 Rhe8 19. Bxf6 Bf5+ 20. Ka1
Rxe2 21. Bxd8 Rxf2 22. Bh4 Rxf3 23. gxf3 f6 24. Be2 Nc5 25. Rhg1 Qa4 26. a3 Qc2
27. Rxg7 b6 28. Bxf6 Qxe2 29. Rd8+ Kb7 30. Rgg8 Qe1+ 31. Ka2 Qb1# {Normal} 0-1

[Event "Rated Blitz tournament jul21bta"]
[Site "?"]
[Date "2021.07.03"]
[Round "?"]
[White "hongnhung2101"]
[Black "karinachess11"]
[Result "1-0"]
[WhiteElo "2340"]
[BlackElo "2516"]
[PlyCount "103"]
[EventDate "2021.??.??"]
[EventType "blitz"]

1. e4 e5 2. Nf3 d5 3. exd5 e4 4. Qe2 Nf6 5. d3 Qxd5 6. dxe4 Qxe4 7. Qxe4+ Nxe4
8. Bd3 Nc5 9. Bc4 Be7 10. O-O O-O 11. Bf4 c6 12. Nc3 Be6 13. Bxe6 Nxe6 14. Bg3
Nd7 15. Rfe1 Bf6 16. Ne4 Be7 17. Rad1 Ndc5 18. Nxc5 Bxc5 19. Rd7 b5 20. Ne5
Rac8 21. Rb7 Bb6 22. Nd7 Rfd8 23. Nxb6 axb6 24. Rxb6 Rd2 25. c4 Rxb2 26. cxb5
cxb5 27. a3 h5 28. h4 Ra8 29. Bd6 Ra4 30. Bb4 Ra8 31. f3 Nf4 32. g4 hxg4 33.
fxg4 Nh3+ 34. Kh1 Nf2+ 35. Kg1 Nxg4 36. Rxb5 Rxa3 37. Re8+ Kh7 38. Rh5+ Nh6 39.
Bxa3 Ra2 40. Bc5 Rc2 41. Bf2 f6 42. Rd5 Kg6 43. Re4 Nf5 44. h5+ Kg5 45. Be3+
Kxh5 46. Rxf5+ Kg6 47. Rf2 Rc6 48. Rg4+ Kf7 49. Rfg2 f5 50. Rxg7+ Ke6 51. R7g6+
Kd5 52. Rxc6 {Normal} 1-0